Top 10 Most Greek-American U.S. States - Statistics

General Stats
  • This quiz has been taken 139 times
  • The average score is 8 of 10
Answer Stats
% State % Correct
0.75 New York
99%
0.65 New Jersey
90%
1.10 Massachusetts
87%
0.50 Maryland
81%
0.46 Pennsylvania
81%
0.80 Connecticut
80%
0.67 Rhode Island
80%
0.45 Delaware
79%
0.71 Illinois
79%
1.39 New Hampshire
68%
No matching quizzes found
Score Distribution
Percent of People with Each Score
Percentile by Number Answered
Your Score History
You have not taken this quiz